000 00342nam a22001457a 4500
003 OSt
005 20220126143946.0
008 220126b |||||||| |||| 00| 0 eng d
020 _a8170083028
040 _cHU
082 _a621.3
_b1
100 _aRajput A.K.
_928726
245 _aComprehansive Electrical Engineering
942 _2ddc
_cBOOKS
_n0
999 _c27979
_d27979